00380nam a2200121Ia 4500008004100000020002200041100002000063245007700083250001200160260003000172300002700202650002900229200922s9999 xx 000 0 und d a978-981-4846-96-7 aKail, Robert V. cRobert V. Kail, John C. CavanaughaHuman development:ba life-span view/ a8th ed. aSingapore:bCENGAGEc2019 axli, 680 pagesc25 cm. aDevelopmental psychology